| Tag |
First Indicator |
Second Indicator |
Subfields |
| LEADER |
00000cam a2200000 a 4500 |
| 001 |
in00000016334 |
| 005 |
20151007052737.0 |
| 008 |
870420s1987 ctu ab 00110 eng |
| 010 |
|
|
|a 87003216
|
| 020 |
|
|
|a 0208021515 (alk. paper)
|
| 035 |
|
|
|a (OCoLC)15630618
|
| 035 |
|
|
|9 AAA9021AM
|
| 040 |
|
|
|a DLC
|c DLC
|d TXA
|d UtOrBLW
|
| 049 |
|
|
|a TXAM
|c [A11057601]
|
| 050 |
0 |
0 |
|a Z2015.A44
|b R62 1987
|a PE1155
|
| 082 |
0 |
|
|a 016.4281
|2 19
|
| 100 |
1 |
|
|a Roberts, Patricia,
|d 1936-
|
| 245 |
1 |
0 |
|a Alphabet books as a key to language patterns :
|b an annotated action bibliography /
|c Patricia L. Roberts.
|
| 264 |
|
1 |
|a Hamden, Conn. :
|b Library Professional Publications,
|c 1987.
|
| 300 |
|
|
|a 263 pages ;
|c 23 cm.
|
| 336 |
|
|
|a text
|b txt
|2 rdacontent
|
| 337 |
|
|
|a unmediated
|b n
|2 rdamedia
|
| 338 |
|
|
|a volume
|b nc
|2 rdacarrier
|
| 504 |
|
|
|a Bibliography: pages [237]-243.
|
| 500 |
|
|
|a Includes index.
|
| 650 |
|
0 |
|a English language
|x Alphabet
|v Juvenile literature
|x Bibliography.
|
| 650 |
|
0 |
|a English language
|x Alphabet
|v Juvenile literature
|x Abstracts.
|
| 650 |
|
0 |
|a Children's literature, English
|v Bibliography.
|
| 650 |
|
0 |
|a Children's literature, English
|x Abstracts.
|
| 650 |
|
0 |
|a English language
|x Alphabet
|x Study and teaching.
|
| 999 |
|
|
|a MARS
|
| 999 |
f |
f |
|s 7234a332-504d-3f1d-9dae-2f84d51d9367
|i 7e9640f5-a3a7-393a-8f08-719f4b41ee3c
|t 0
|
| 952 |
f |
f |
|p ric
|a Texas A&M University
|b Rellis Campus
|c Joint Library Facility
|d Remote Storage
|t 0
|e Z2015.A44 R62 1987
|h Library of Congress classification
|i unmediated -- volume
|m A14811057601
|
| 998 |
f |
f |
|a Z2015.A44 R62 1987
|t 0
|l Remote Storage
|